000 01645nam a2200289Ia 4500
999 _c45432
_d45432
001 12256
003 GE_BSU
005 20240703114322.0
008 181216s2009||||geo|||||||||||||| ||geo||
040 _cGE_BSU
041 _ageo
080 _a003.212+001.94+930.85 ვ-25
100 _aვაშაკიძე, გიზო
_918781
245 _aციური ექსპრესი = The heaven express /
_cგიზო ვაშაკიძე ; [მთარგმნ. ფარიზა ალბოროვა ; რედ. : გიორგი ბოჭორიშვილი, არჩილ ხანთაძე (სამეცნ. რედ.)].
264 _aთბილისი :
_bსაარი,
_c2009.
300 _a88 გვ. :
_b სურ. ;
_c26 სმ.
500 _aტექსტი, თავფურც. და ყდა ქართ., ინგლისურ ენაზე
504 _aბიბლიოგრ. : გვ. 87
653 _aციური ექსპრესი = The heaven express
653 _aწერის პიქტოგრაფიული სისტემები
653 _aსამყაროს ამოუხსნელი მოვლენები
653 _aცივილიზაციის ისტორია
700 _aბოჭორიშვილი, გიორგი
_eრედაქტორი
_922608
700 _aხანთაძე, არჩილ
_eრედაქტორი
_918782
700 _aალბოროვა, ფარიზა
_eმთარგმნელი
_922645
942 _cBK
_2udc